Dennett : un naturalisme en chantier (notice n° 2161664)

détails MARC
000 -LEADER
fixed length control field 01265cam a2200133 4500500
005 - DATE AND TIME OF LATEST TRANSACTION
control field 20260405033415.0
041 ## - LANGUAGE CODE
Language code of text/sound track or separate title fre
042 ## - AUTHENTICATION CODE
Authentication code dc
100 10 - MAIN ENTRY--PERSONAL NAME
Personal name Symons, John
Relator term author
245 00 - TITLE STATEMENT
Title Dennett : un naturalisme en chantier
260 ## - PUBLICATION, DISTRIBUTION, ETC.
Name of publisher, distributor, etc. Presses Universitaires de France,<br/>
Date of publication, distribution, etc. 2005.<br/>
520 ## - SUMMARY, ETC.
Summary, etc. Sans prétendre retracer l’histoire du naturalisme ni le défendre contre ses adversaires, ce livre montre comment l’un de ses plus éminents représentants aborde certains problèmes importants de la philosophie, en particulier ceux liés à l’explication de la pensée et de la conscience. Le naturalisme contemporain est une méthode philosophique parmi d’autres et l’auteur montre la méthode naturaliste à l’œuvre. Comme le septicisme, le naturalisme est une attitude philosophique, optimiste et progressiste,plus qu’un ensemble de croyances. Le naturalisme de Dennett s’inscrit dans le prolongement de celui de Quine en l’augmentant d’une théorie concernant la vie de l’esprit et montre ainsi que le naturalisme n’est pas nécessairement une conception philosophique scientiste ou behavioriste bornée.
856 41 - ELECTRONIC LOCATION AND ACCESS
Uniform Resource Identifier <a href="https://shs.cairn.info/dennett-un-naturalisme-en-chantier--9782130541837?lang=fr&redirect-ssocas=7080">https://shs.cairn.info/dennett-un-naturalisme-en-chantier--9782130541837?lang=fr&redirect-ssocas=7080</a>

Pas d'exemplaire disponible.

PLUDOC

PLUDOC est la plateforme unique et centralisée de gestion des bibliothèques physiques et numériques de Guinée administré par le CEDUST. Elle est la plus grande base de données de ressources documentaires pour les Étudiants, Enseignants chercheurs et Chercheurs de Guinée.

Adresse

627 919 101/664 919 101

25 boulevard du commerce
Kaloum, Conakry, Guinée

Réseaux sociaux

Powered by Netsen Group @ 2025